<A> Model of the Socialist Firm in Transition to a Market Economy

Guardado en:
Detalles Bibliográficos
Autor principal: Ngo Van Long
Otros Autores: Siebert, Horst
Formato: Libro
Lenguaje:inglés
Publicado: Kiel Institut für Weltwirtschaft 1991
Edición:1. ed.
Colección:Working Paper No.479
Etiquetas: Agregar Etiqueta
Sin Etiquetas, Sea el primero en etiquetar este registro!

MARC

LEADER 00000nam a2200000 4500
001 c027347
005 20221214094230.6
041 0 |a eng 
044 |a DE 
245 1 0 |a <A> Model of the Socialist Firm in Transition to a Market Economy  |c Ngo Van Long, Horst Siebert 
250 |a 1. ed. 
264 1 |a Kiel  |b Institut für Weltwirtschaft  |c 1991 
300 |a 24 s. 
490 1 |a Working Paper  |v No.479 
830 0 |a Working Paper  |v No.479 
100 1 |a Ngo Van Long 
700 1 |a Siebert, Horst